00789nam a22002057a 4500999001900000005001700019010001500036020002600051035001400077037001300091082001300104100002800117245009800145260004800243270007900291300004100370700002200411942002700433952012300460 c190165d19016520220719131707.0 aENG-133706 c995.00a9789386473509 aEN-117238 bDBAD/PUB a362.8292 aPanchal, Trupti Jhaveri aMulti agency response to violence against women/cTrupti Jhaveri Panchal and Vinita ajgaonkar aNew DelhibVitasta publishing pvt ltdc2019 a2/15 ansari road, DaryaganjbNew Delhie110002minfo@vitastapublishing.com axxvii,235p.c22cm(hbk)bBibliography aAjgaonkar, Vinita 2ddccENh362.8292mPAN 001040708NFICaBNbBNd2022-07-19eDBAD/PUBg995.00l0o362.8292 PANpEN-117238r2022-07-19 00:00:00t1v995.00yEN